The Hungary Quiz Stats

 Plays Quiz Updated Jun 9, 2018

Also try: The Norway Quiz
Challenge
Share
Tweet
Embed
Score 0/40 Timer 07:00
11 Plays Today
Hint Answer % Correct
Flag ColorRed
97.9%
Flag ColorGreen
97.3%
Flag ColorWhite
97.3%
Capital CityBudapest
94.8%
Largest CityBudapest
94.8%
Internet Country Code.hu
94.6%
Official LanguageHungarian
89.9%
Nationality (Demonym)Hungarian
89.9%
ContinentEurope
88.1%
Bordering CountrySlovakia
87.3%
Bordering CountryAustria
86.4%
Bordering CountryRomania
85.3%
Drives on the...Right
84.1%
Bordering CountrySlovenia
82.4%
Bordering CountrySerbia
81.9%
Age of Suffrage18
81.4%
Most Popular SportFootball
81.4%
Bordering CountryCroatia
80.4%
Bordering CountryUkraine
78.7%
Population (to nearest million)10
73.1%
Hint Answer % Correct
Number of counties19
72.3%
Largest ReligionChristianity
72%
Joined the EU in2004
70.7%
Official NameHungary
69.2%
Number of Nobel Laureates13
60.5%
CurrencyForint
51.9%
Largest LakeLake Balaton
48.5%
Prime MinisterViktor Orbán
46.5%
Second Largest CityDebrecen
44.3%
Year of Independence1918
33.8%
Longest RiverTisza
32.4%
Most Olympic Medals in...Fencing
29.4%
National AnthemHimnusz
28.5%
Highest Point (1,024 m)Kékes
27.5%
Calling Code+36
27.3%
First MonarchStephen I
27%
PresidentJános Áder
23.9%
Government TypeParliamentary Republic
22.1%
Lowest Point (78 m)Szeged
16.1%
National SymbolHoly Crown of Hungary
10.6%

You're not logged in!

Compare scores with friends on all Sporcle quizzes.
OR
Log In

You Might Also Like...

Show Comments

Extras

Top Quizzes Today


Score Distribution

Your Account Isn't Verified!

In order to create a playlist on Sporcle, you need to verify the email address you used during registration. Go to your Sporcle Settings to finish the process.

Report this User

Report this user for behavior that violates our Community Guidelines.

Details: